Normal view
MARC view
- Kesselman, Mark, Krieger, Joel, Joseph, William A
Entry Personal Name
001 - CONTROL NUMBER
- control field: 64547
003 - CONTROL NUMBER IDENTIFIER
- control field: NUST
005 - DATE AND TIME OF LATEST TRANSACTION
- control field: 20210628203309.0
008 - FIXED-LENGTH DATA ELEMENTS
- fixed length control field: 210628|| aca||aabn | a|a d
040 ## - CATALOGING SOURCE
- Original cataloging agency: NUST
- Transcribing agency: NUST
100 ## - HEADING--PERSONAL NAME
- Personal name: Kesselman, Mark, Krieger, Joel, Joseph, William A
670 ## - SOURCE DATA FOUND
- Source citation: Work cat.: (NUST): Kesselman, Mark, Krieger, Joel, Joseph, William A, Introduction to comparative politics, political challenges and changing angendas, 2007
